000 00736nam a22002177a 4500
003 UA-OsUOA
001 59583
007 ta
008 20090406b un ||||| |||| 00| 0 ukr d
100 _aМузиченко Я.
090 _a94(477)
_bМ89
942 _cSA
040 _aUA-OsUOA
_bukr
_cUA-OsUOA
_dUA-OsUOA
245 _aОкупація Полтавщини.Як через 200 років після Петра червоні "меньшовики" встановлювали свої порядки на українських чорноземах
300 _aС.12
955 _a0
041 _aukr
080 _a94(477)
773 0 _w59581
650 7 _a9 Географія. Біографії. Історія
_2UDC
999 _c345592
_d345592